000 05076nab a2200289 i 4500
003 BR-BrBNA
005 20231016141356.0
008 231016b2016 bl.qr|pooa||| 00| 0 por |
040 _aBR-BrBNA
_bpor
072 _aK10
_b2790
100 _aMeira, Messulan Rodrigues
100 _aCabacinha, Christian Dias
100 _aGama, Aldenir Teixeira da
100 _aMartins, Ernane Ronie
100 _aFigueiredo, Lourdes Silva de
245 _aCaracterização estrutural do barbatimão (Stryphnodendron adstringens (Mart.) Coville) no cerrado do norte de Minas Gerais
500 _aPublicação on-line; 37 ref.; 4 tables; 4 illus.; Summaries (En, Pt)
520 _a RESUMO Objetivou-se caracterizar a população de Stryphnodendron adstringens (Mart.) Coville para verificar a viabilidade de manejo em uma área de cerrado sensu stricto no norte de Minas Gerais. Para isso, inventariaram-se 25 parcelas, de 400 m² cada uma, em dois sítios (I e II), totalizando 1 hectare amostrado em cada sítio. Foram mensurados todos os indivíduos adultos vivos de barbatimão com diâmetros a 1,30 m do solo (DAP) ≥ 3 cm de barbatimão. Dentro das parcelas foram mensurados o diâmetro (DAP) e a altura (H) e, posteriormente, para cada sítio foram avaliados: o quociente de De Liocourt (q), a área basal (G) e a estratificação vertical. Os resultados mostraram uma densidade de 180 e 218 indivíduos/ ha, diâmetros médio de 7,38 e 6,26 cm, média de ‘q’ de 2,22 e 1,50 e alturas médias de 2,93 e 3,10 m nos dois sítios respectivamente. O quociente de De Liocourt mostrou comprometimento no recrutamento em algumas classes diamétricas no Sítio II. Apesar do desbalanceamento apontado pelo valor ‘q’, a distribuição diamétrica comportou-se de forma exponencialmente negativa conforme o esperado para florestas nativas em processo de sucessão secundária. Observou-se uma maior concentração de indivíduos no estrato médio de altura com 142 e 154 indivíduos em cada sítio respectivamente. Conclui-se que, embora tenham estruturas distintas, nos dois sítios estudados, as populações de barbatimão são compostas por um grande número de indivíduos de pequenos diâmetros e com exclusividade do estrato vertical mediano. A capacidade de regeneração da espécie, alta densidade de indivíduos por hectare e a estrutura horizontal e vertical mostram que existe viabilidade em manejar o barbatimão no dois sítios desde que suas estruturas sejam mantidas equilibradas. Palavras-chave: estrutura horizontal; estrutura vertical; viabilidade de manejo; inventário florestal.
520 _a ABSTRACT This study aimed to characterize of the Stryphnodendron adstringens (Mart.) Coville population to verify the viability of sustainable management in area of Savanna in the north of state Minas Gerais, Brazil country. Therefore inventoried 25 plots of 400 square meters in two places, in all was inventoried one hectare in each places. Was measured all adults individuals with diameter at breast height the 1,30 meter (DBH) ≤ 3 centimeter of barbatimão. In these plots was measured the diameter (DBH) and height (H) and subsequently for each site was evaluated: the De Liocourt quotient (q), basal area (G) and vertical stratification. The outcome showed a density of 180 and 218, mean diameters of 7,38 and 6,26 meters, mean of ‘q’ of 2,22 and 1,50 and means heights of 2,93 and 3,10 meters in two site respectively. The quotient’ De Liocourt showed imbalance in the recruitment in some classes of Site two. Although the imbalance indicated by ‘q’, the diameter distribution behaved exponentially negative as expected for native forests in the process of secondary succession. The Observed a more concentration of individuals in the middle stratum with 142 and 154 individuals in each site respectively. The conclusion this work that is although the species has distinct structure, on both sites studied the population of the barbatimão is constituted for a great number of diameter small individuals and with exclusivity of middle vertical stratum. The regenerative capacity of the specie, density height of the individuals per hectare and the horizontal and vertical structure show that there is viability to manage of the barbatimão on both sites since that their structures is maintained balanced. Keywords: horizontal structure; vertical structure; management viability; forestry inventory
650 _aINVENTÁRIO FLORESTAL
650 _aESTRUTURA VEGETAL
650 _aBARBATIMÃO
773 0 _04065
_9102038
_dSanta Maria-RS Universidade Federal de Santa Maria - Centro de Pesquisas Florestais.Departamento de Ciências Florestais. Programa de Pós-Graduação em Engenharia Florestal 1991
_o2023-436444
_tCiência Florestal (Brazil)
_x0103-9954; 1980-5098 (on-line)
_gv. 26(2) p. 627-638; (Apr-Jun 2016)
_wBR2023001204
856 _uhttps://www.scielo.br/j/cflo/a/WgKVZLC7ZyrwF3dKw5JNMVN/?format=pdf&lang=pt
942 _cAnalítica
999 _c86492
_d86492